| 000 | 00661nam a2200217Ia 4500 | ||
|---|---|---|---|
| 008 | 180523s9999 xx 000 0 und d | ||
| 020 | _a978-981-0696-60-3 | ||
| 050 | _aMAIN G 155.A1 | ||
| 050 | _b.K37 2012 c.2 | ||
| 100 | _aKastarlak, Bulent I. | ||
| 245 | 0 | _aFundamentals of planning and developing tourism / | |
| 245 | 0 | _cBulent I. Kastarlak; Brian Barber, technical editor. | |
| 260 | _aSingapore : | ||
| 260 | _bPearson Education South Asia, | ||
| 260 | _c2012 | ||
| 300 | _a457 pages : | ||
| 300 | _c24 cm. | ||
| 500 | _aIncludes bibliographical references and index. | ||
| 650 | _aTourism -- Management. | ||
| 650 | _xTourism -- Planning. | ||
| 999 |
_c356639 _d356639 |
||